Click the Correct Country by City #2 - Statistics

General Stats
  • This quiz has been taken 558 times
  • The average score is 18 of 20
Answer Stats
Hint Answer % Correct
Toronto Canada
99%
Hong Kong China
99%
Chicago United States
98%
Frankfurt Germany
97%
Sao Paulo Brazil
95%
Osaka Japan
95%
Mumbai India
94%
Auckland New Zealand
94%
Saint Petersburg Russia
94%
Nice France
93%
Brisbane Australia
92%
Mecca Saudi Arabia
91%
Marrakesh Morocco
89%
Antwerp Belgium
87%
Limerick Ireland
86%
Benin City Nigeria
83%
Medellin Colombia
79%
Almaty Kazakhstan
78%
Bandung Indonesia
76%
Busan South Korea
76%
No matching quizzes found
Score Distribution
Percent of People with Each Score
Percentile by Number Answered
Your Score History
You have not taken this quiz